<?xml version="1.0" encoding="UTF-8"?>
<record
    xmlns:xsi="http://www.w3.org/2001/XMLSchema-instance"
    xsi:schemaLocation="http://www.loc.gov/MARC21/slim http://www.loc.gov/standards/marcxml/schema/MARC21slim.xsd"
    xmlns="http://www.loc.gov/MARC21/slim">

  <leader>01208nas a2200205 i 4500</leader>
  <controlfield tag="001">768714001</controlfield>
  <controlfield tag="003">CO-MdFUSB</controlfield>
  <controlfield tag="005">20221003165118.0</controlfield>
  <controlfield tag="008">221003s2013    sp ||||| |||| 00| 0 spa d</controlfield>
  <datafield tag="022" ind1=" " ind2=" ">
    <subfield code="a">2340-1265</subfield>
  </datafield>
  <datafield tag="040" ind1=" " ind2=" ">
    <subfield code="c">CO-MdFUSB</subfield>
    <subfield code="d">CO-MdFUSB</subfield>
    <subfield code="b">spa</subfield>
  </datafield>
  <datafield tag="041" ind1=" " ind2=" ">
    <subfield code="a">spa</subfield>
  </datafield>
  <datafield tag="100" ind1=" " ind2=" ">
    <subfield code="a">M&#xE9;ndez Moratalla, Fernando, </subfield>
    <subfield code="e">autor</subfield>
  </datafield>
  <datafield tag="245" ind1=" " ind2=" ">
    <subfield code="a">Zaqueo, &#xBF;conversi&#xF3;n o vindicaci&#xF3;n? </subfield>
    <subfield code="c">/ Fernando M&#xE9;ndez Moratalla</subfield>
  </datafield>
  <datafield tag="300" ind1=" " ind2=" ">
    <subfield code="a">Volumen 1.1 (primavera 2013), p&#xE1;ginas 28-59 </subfield>
    <subfield code="c">; 23 cm </subfield>
  </datafield>
  <datafield tag="520" ind1=" " ind2=" ">
    <subfield code="a">El relato lucano del encuentro de Jes&#xFA;s con Zaqueo es interpretado tradicionalmente como una historia de conversi&#xF3;n. Sin embargo, esa perspectiva ha sido seriamente cuestionada en las ultimas d&#xE9;cadas por aquellos que interpretan el texto como vindicaci&#xF3;n de Zaqueo por parte de Jes&#xFA;s. El presente ensayo expone y analiza ambas posiciones, ofreciendo una justificaci&#xF3;n argumentada de por qu&#xE9; Lucas 19:1:10 debe ser le&#xED;do como una historia de conversi&#xF3;n</subfield>
  </datafield>
  <datafield tag="650" ind1=" " ind2="0">
    <subfield code="9">16</subfield>
    <subfield code="a">Biblia</subfield>
  </datafield>
  <datafield tag="773" ind1="0" ind2=" ">
    <subfield code="0">68242</subfield>
    <subfield code="9">81334</subfield>
    <subfield code="a">Facultad Protestante de Teolog&#xED;a UEBE</subfield>
    <subfield code="o">R2120</subfield>
    <subfield code="t">Revista Protestante de Teolog&#xED;a :</subfield>
    <subfield code="w">(CO-MdFUSB)768714001</subfield>
    <subfield code="x">2340-1265</subfield>
    <subfield code="g">Volumen 1.1 (primavera 2013), p&#xE1;ginas 28-59 </subfield>
    <subfield code="q">p&#xE1;ginas 28</subfield>
  </datafield>
  <datafield tag="942" ind1=" " ind2=" ">
    <subfield code="c">ANA</subfield>
  </datafield>
  <datafield tag="999" ind1=" " ind2=" ">
    <subfield code="c">68243</subfield>
    <subfield code="d">68243</subfield>
  </datafield>
</record>
